000
00308nam a2200109Ia 4500
008
221102s9999 xx 000 0 und d
041
_a
eng
082
_b
Tro
100
_a
Tropper Richard
_9
95853
245
_a
Programming in Assembly Langugage on the IBM PC
260
_b
Jaico Publication House
999
_c
82983
_d
82983